El sindicalismo a un año del gobierno democrático: somero intento de evaluación
Guardat en:
| Autor principal: | |
|---|---|
| Format: | Llibre |
| Idioma: | espanyol |
| Publicat: |
Santiago
Centro de Investigación y Asesoría Sindical
1991
|
| Col·lecció: | Documentos, 9
|
| Matèries: | |
| Etiquetes: |
Afegir etiqueta
Sense etiquetes, Sigues el primer a etiquetar aquest registre!
|
MARC
| LEADER | 00000nam a2200000 a 4500 | ||
|---|---|---|---|
| 001 | UCO7952 | ||
| 003 | CL-VaPUC | ||
| 008 | 001124e19910000CL |||||||||||||||||spa|d | ||
| 082 | 0 | 4 | |a 331.880983 |b ALB |2 21 |
| 100 | 0 | |a Alburquerque, Mario |e author |9 452741 | |
| 245 | 1 | 3 | |a El sindicalismo a un año del gobierno democrático: somero intento de evaluación |
| 300 | |a 35 p | ||
| 942 | |c BK | ||
| 945 | |d 20001124 00:00:00 |a crobeson | ||
| 260 | |a Santiago |b Centro de Investigación y Asesoría Sindical |c 1991 | ||
| 500 | |a Donación del profesor Manfred Wilhelmy von Wolff | ||
| 650 | 7 | |a SINDICALISMO |2 CL-VaPUC |9 452742 | |
| 650 | 0 | |a Movimiento obrero |9 322899 | |
| 650 | 0 | |a Transición democrática |9 336882 | |
| 651 | 7 | |a CHILE |2 CL-VaPUC |9 452743 | |
| 583 | |a last modification |c 20001124 00:00:00 |k Rodrigo Vera | ||
| 490 | 0 | |a Documentos, 9 | |
| 999 | |c 292767 |d 292765 | ||
| 952 | |0 0 |1 0 |4 0 |6 331_880983000000000_ALB_1991 |7 0 |8 A |9 343838 |a BIBHIS |b BIBHIS |d 2019-11-20 |i 1229699 |o 331.880983 ALB 1991 |p 1229699 |r 2025-01-20 |w 2019-11-20 |y BK |k HIS | ||
| 952 | |0 0 |1 0 |4 0 |6 331_880983000000000_ALB_1991 |7 0 |8 A |9 343839 |a BIBHIS |b BIBHIS |d 2019-11-20 |i 1229702 |o 331.880983 ALB 1991 |p 1229702 |r 2025-01-20 |w 2019-11-20 |y BK |k HIS | ||